000 00367nam a2200169Ia 4500
100 _aChan/henry
650 _aE commerce
942 _cBK
366 _f25
654 _aE commerce
245 _aE commerce:Fundamentals and applications
260 _bWiley India
_c2001
082 _a658.84
_bCHA
300 _a479
546 _aENGLISH
_cInfo.Tech
999 _c35683
_d35683